000 00508nam a2200193Ia 4500
005 20250508151508.0
008 008 250505s9999 xx 000 0 hin d
037 _aTextual
040 _aFEDL
_beng
_cFEDL
041 _ahin
_2hin
084 _a330.1, BEN
_qFEDL
100 _aBenham Fredrik
_9759280
245 0 _aArthsastra
260 _aBanaras, India
_bNand Kishore and Brothers
300 _a606p.
650 _aEconomics
942 _cTEXL
_h330.1, BEN
999 _c1330169
_d1330169